Mali Trivia Quiz - Statistieken

Algemene statistieken
  • Deze quiz is 280 keer genomen
  • De gemiddelde score is 12 van 18
Antwoordstatistieken
Hint Antwoord % Correct
Meest voorkomende religie Islam
98%
Aangrenzende landen Algerije
95%
Aangrenzende landen Niger
95%
Aangrenzende landen Mauritanië
94%
Grote woestijn die het noorden van Mali beslaat Sahara
93%
Aangrenzende landen Burkina Faso
90%
Officiële taal Frans
90%
Aangrenzende landen Senegal
87%
Aangrenzende landen Guinee
85%
Aangrenzende landen Ivoorkust
84%
Hoofdstad Bamako
76%
Oude stad in het centrum van Mali die ooit een belangrijk handelscentrum was Timboektoe
64%
Waar de Grote Moskee van Djenné van is gebouwd Adobe
39%
Heerser van het Mali-rijk, soms (onterecht) de rijkste persoon in de geschiedenis genoemd Mansa {Moussa}
37%
De twee meest voorkomende etnische groepen in Mali Fulbe
27%
Van alle landen staat Mali op de gedeelde eerste plaats voor de hoogste gemiddelde jaarlijkse ... Temperatuur
26%
'G'-woord dat verwijst naar een West-Afrikaanse bard of verhalenverteller Griot
20%
De twee meest voorkomende etnische groepen in Mali Mande
12%
Geen overeenkomende quizzen gevonden
Scoreverdeling
Procent van Mensen met Elke Score
Percentiel versus Aantal Correcte Antwoorden
Uw Scoregeschiedenis
U heeft deze quiz nog niet genomen